[Event "N1 Reykjavik Open 2014"]
[Site "Reykjavik, Iceland"]
[Date "2014.03.10"]
[Round "8.57"]
[White "Frick, Renato"]
[Black "Teh, Eu Wen Aron"]
[Result "1-0"]
[WhiteElo "2038"]
[BlackElo "2237"]
[EventDate "2014.03.04"]
[PlyCount "55"]

1. e4 e5 2. Nf3 Nc6 3. Bb5 Nf6 4. O-O Nxe4 5. d4 Nd6 6. Bxc6 dxc6 7. dxe5 
Nf5 8. Qxd8+ Kxd8 9. Nc3 Ke8 10. Rd1 Be6 11. Ng5 Bc8 12. Bf4 h6 13. Nf3 
Be6 14. h3 Bb4 15. Ne2 Rd8 16. c3 Bc5 17. b3 g5 18. Bh2 Bd5 19. Ne1 Be4 
20. Kf1 Ke7 21. a4 a5 22. Bg1 Nh4 23. c4 Bb4 24. f3 Bg6 25. Bf2 Nf5 26. g4
Ng7 27. f4 gxf4 28. Bh4+ 1-0

[Event "N1 Reykjavik Open 2014"]
[Site "Reykjavik, Iceland"]
[Date "2014.03.10"]
[Round "8.58"]
[White "Zoldan, Matteo"]
[Black "Valtysson, Thor"]
[Result "1-0"]
[WhiteElo "2209"]
[BlackElo "1998"]
[EventDate "2014.03.04"]
[PlyCount "127"]

1. c4 c6 2. Nf3 d5 3. d4 Nf6 4. Nc3 dxc4 5. a4 Bf5 6. e3 e6 7. Bxc4 Bb4 8.
 O-O O-O 9. Qe2 Nbd7 10. e4 Bg6 11. e5 Nd5 12. Ne4 Be7 13. Rd1 N7b6 14. 
Bb3 Nb4 15. Bf4 N6d5 16. Bg3 a5 17. Nfd2 Kh8 18. Nc4 Bh4 19. Ncd6 Rb8 20. 
Qg4 Be7 21. Qe2 Bh4 22. Rd2 Bxg3 23. hxg3 Qe7 24. Re1 Nc7 25. f4 Nbd5 26. 
Qf2 Ne8 27. Nxe8 Rfxe8 28. Nd6 Rf8 29. g4 f5 30. Bxd5 cxd5 31. g5 Be8 32. 
Rc2 Bxa4 33. Rc5 Bc6 34. Rxa5 Ra8 35. Rea1 Rxa5 36. Rxa5 Qc7 37. Ra3 Kg8 
38. Qh4 g6 39. Qe1 Qb6 40. Qc3 Rd8 41. Kf2 Rb8 42. Ke3 Qd8 43. Qe1 Ra8 44.
 Rb3 Ra7 45. g3 Qa8 46. Qb4 Ba4 47. Ra3 Bc6 48. Kd2 Rxa3 49. Qxa3 Qb8 50. 
Qa5 Kg7 51. Kc3 b6 52. Qa6 Bd7 53. Kb4 Kf8 54. Nb5 Bc8 55. Qa3 Qb7 56. 
Kb3+ Kg8 57. Qd6 Bd7 58. Qc7 Qxc7 59. Nxc7 Kf7 60. Na8 Bc6 61. Nxb6 Ke8 
62. Kb4 Kd8 63. Kc5 Kc7 64. Nc8 1-0

[Event "N1 Reykjavik Open 2014"]
[Site "Reykjavik, Iceland"]
[Date "2014.03.10"]
[Round "8.59"]
[White "Teitsson, Magnus"]
[Black "Carvalho Beserra, Juan Pablo"]
[Result "1-0"]
[WhiteElo "2207"]
[BlackElo "2005"]
[EventDate "2014.03.04"]
[PlyCount "0"]

1. d4 d5 2. c4 c6 3. Nf3 Nf6 4. Qc2 e6 5. g3 Bd6 6. Bg2 Nbd7 7. O-O O-O 8.
 Rd1 Re8 9. Bf4 Bxf4 10. gxf4 dxc4 11. Na3 Nd5 12. e3 b5 13. b3 Qe7 14. 
Qc1 Nc3 15. Re1 b4 16. Nxc4 Ba6 17. a3 Bxc4 18. bxc4 a5 19. Nd2 Rec8 20. 
Nb3 a4 21. Nd2 Nb6 22. axb4 Qxb4 23. Ra3 Ncd5 24. Ra2 Nf6 25. Qa1 Qa5 26. 
Rb1 a3 27. Rb3 1-0

[Event "N1 Reykjavik Open 2014"]
[Site "Reykjavik, Iceland"]
[Date "2014.03.10"]
[Round "8.60"]
[White "Kazmaier, Daniel"]
[Black "Thiry, Jean-Christophe"]
[Result "1-0"]
[WhiteElo "2187"]
[BlackElo "1996"]
[EventDate "2014.03.04"]
[PlyCount "0"]

1. e4 e5 2. Nf3 d6 3. d4 Nf6 4. Nc3 Nbd7 5. Bc4 Be7 6. O-O O-O 7. Re1 c6 
8. a4 b6 9. d5 cxd5 10. Nxd5 Bb7 11. b3 Rc8 12. a5 Nxd5 13. exd5 Qc7 14. 
Nd4 bxa5 15. Nb5 Qb6 16. Bd2 Rfe8 17. Bxa5 Qc5 18. Bd2 Ra8 19. Be3 Qc8 20.
 Nxa7 Qc7 21. Bb5 Red8 22. Nc6 Bxc6 23. Bxc6 Rxa1 24. Qxa1 Nb8 25. Bb5 
Qxc2 26. Qa7 Bf6 27. Bb6 Rf8 28. Bc4 Qf5 29. Bc7 Nd7 30. Bxd6 Rd8 31. Bc7 
Rc8 32. Ba6 Re8 33. Bb5 h5 34. Ba5 1-0

[Event "N1 Reykjavik Open 2014"]
[Site "Reykjavik, Iceland"]
[Date "2014.03.10"]
[Round "8.61"]
[White "Halldorsson, Jon Arni"]
[Black "Haldorsen, Benjamin"]
[Result "0-1"]
[WhiteElo "2185"]
[BlackElo "1994"]
[EventDate "2014.03.04"]
[PlyCount "0"]

1. d4 Nf6 2. Nf3 g6 3. c4 c5 4. d5 b5 5. Qc2 bxc4 6. e4 d6 7. Bxc4 Bg7 8. 
O-O O-O 9. h3 Nfd7 10. Nc3 Ba6 11. Bxa6 Nxa6 12. Bg5 Rb8 13. Rab1 Re8 14. 
Rfe1 Qa5 15. Qe2 Nc7 16. Bd2 Rb7 17. a3 Reb8 18. b4 cxb4 19. axb4 Qa6 20. 
b5 Nxb5 21. Rec1 Nc5 22. Ra1 Nxc3 23. Qxa6 Nxa6 24. Bxc3 Nc5 25. Bxg7 Kxg7
26. Rc4 Rb1+ 27. Rxb1 Rxb1+ 28. Kh2 Rd1 29. Kg3 a5 30. Kf4 a4 31. Rc3 Rd3 
32. Rc2 Kf6 33. h4 a3 34. Nd2 e5+ 0-1

[Event "N1 Reykjavik Open 2014"]
[Site "Reykjavik, Iceland"]
[Date "2014.03.10"]
[Round "8.62"]
[White "Iclicki, Willy"]
[Black "Van Weersel, Arlette"]
[Result "1-0"]
[WhiteElo "1993"]
[BlackElo "2176"]
[EventDate "2014.03.04"]
[PlyCount "0"]

1. d4 Nf6 2. c4 g6 3. Nc3 d5 4. Nf3 Bg7 5. Bg5 Ne4 6. Bh4 Nxc3 7. bxc3 
dxc4 8. e3 b5 9. a4 c6 10. Be2 Nd7 11. O-O Bb7 12. Qb1 Qb6 13. Qb4 Bf6 14.
 Bxf6 Nxf6 15. axb5 cxb5 16. Rfb1 Bc6 17. Ne5 Nd5 18. Qa3 f6 19. Nxc4 Qc7 
20. Na5 O-O 21. Nxc6 Qxc6 22. Bxb5 Qc7 23. c4 Nb6 24. c5 Nc8 25. Qa5 1-0

[Event "N1 Reykjavik Open 2014"]
[Site "Reykjavik, Iceland"]
[Date "2014.03.10"]
[Round "8.63"]
[White "Sigurdsson, Sverrir"]
[Black "Derraugh, Geordie"]
[Result "1-0"]
[WhiteElo "1980"]
[BlackElo "2173"]
[EventDate "2014.03.04"]
[PlyCount "0"]

1. e4 c5 2. Nf3 d6 3. d4 cxd4 4. Qxd4 Nc6 5. Bb5 Bd7 6. Bxc6 Bxc6 7. Nc3 
Nf6 8. Bg5 h6 9. Bh4 Qa5 10. O-O-O g5 11. Bg3 Bg7 12. Qd3 Nd7 13. Nd4 Rc8 
14. Nb3 Qb4 15. a3 Qb6 16. h4 g4 17. f4 Nc5 18. Nxc5 Qxc5 19. Be1 O-O 20. 
Bd2 Rfd8 21. Qe2 h5 22. Be3 Qa5 23. Bd4 Bh6 24. g3 e6 25. Kb1 b5 26. Na2 
Qc7 27. Rhe1 a5 28. Bc3 Rb8 29. Qd2 b4 30. axb4 axb4 31. Nxb4 Qb7 32. Nxc6
Qxc6 33. Qd4 e5 34. fxe5 Bg7 35. Qd3 Rdc8 36. Kc1 dxe5 37. Rd2 Bh6 38. Qd5
Bxd2+ 39. Qxd2 Qf6 40. Qe2 Ra8 41. Kb1 Rxc3 42. bxc3 Qd6 43. Qe3 Qa3 44. 
Qg5+ Kf8 45. Qh6+ Ke7 46. Qg5+ f6 1-0

[Event "N1 Reykjavik Open 2014"]
[Site "Reykjavik, Iceland"]
[Date "2014.03.10"]
[Round "8.64"]
[White "Bjornsson, Bjorn Freyr"]
[Black "Mare, Eben"]
[Result "1-0"]
[WhiteElo "2158"]
[BlackElo "1967"]
[EventDate "2014.03.04"]
[PlyCount "93"]

1. e4 e5 2. Nf3 Nc6 3. Bb5 f5 4. Nc3 fxe4 5. Nxe4 d5 6. Nxe5 dxe4 7. Nxc6 
Qd5 8. c4 Qd6 9. Nxa7+ Bd7 10. Bxd7+ Qxd7 11. Qh5+ g6 12. Qe5+ Kf7 13. Nb5
c6 14. Qd4 Qe7 15. Nc3 Nf6 16. O-O Rd8 17. Qe3 Qe5 18. d4 Rxd4 19. Qe2 Bd6
20. g3 Qe6 21. b3 Rd3 22. Bb2 Rd8 23. Rad1 Bc7 24. Rfe1 Ba5 25. Rxd3 Rxd3 
26. Qxd3 exd3 27. Rxe6 Kxe6 28. f3 b5 29. cxb5 Nd5 30. Nd1 cxb5 31. a3 b4 
32. axb4 Bxb4 33. Bd4 h5 34. Nf2 d2 35. Kf1 Bc3 36. Ba7 Ba5 37. Bd4 Bc3 
38. Ba7 Ba5 39. Nd1 g5 40. Ke2 g4 41. fxg4 hxg4 42. Be3 Nc3+ 43. Nxc3 Bxc3
44. Bxd2 Bd4 45. Be3 Bc3 46. Kd3 Ba5 47. Ke4 1-0

[Event "N1 Reykjavik Open 2014"]
[Site "Reykjavik, Iceland"]
[Date "2014.03.10"]
[Round "8.65"]
[White "Bongartz, Philipp"]
[Black "Robson, Paul E"]
[Result "1-0"]
[WhiteElo "2143"]
[BlackElo "1915"]
[EventDate "2014.03.04"]
[PlyCount "41"]

1. e4 c5 2. Nf3 Nc6 3. d4 cxd4 4. Nxd4 g6 5. Nxc6 bxc6 6. Qd4 Nf6 7. e5 
Nh5 8. Nc3 d5 9. Be3 f6 10. Qa4 e6 11. g4 fxe5 12. gxh5 d4 13. O-O-O Qb6 
14. Rxd4 Rb8 15. b3 Ba3+ 16. Kb1 Bc5 17. Rd1 Bxe3 18. fxe3 O-O 19. hxg6 
Qxe3 20. Bd3 e4 21. gxh7+ 1-0

[Event "N1 Reykjavik Open 2014"]
[Site "Reykjavik, Iceland"]
[Date "2014.03.10"]
[Round "8.66"]
[White "Sigurjonsson, Siguringi"]
[Black "Kenney, Jason"]
[Result "0-1"]
[WhiteElo "1948"]
[BlackElo "2124"]
[EventDate "2014.03.04"]
[PlyCount "60"]

1. d4 Nf6 2. Bf4 g6 3. e3 Bg7 4. Nf3 O-O 5. h3 c5 6. c3 d6 7. Be2 b6 8. 
Nbd2 Bb7 9. O-O Nbd7 10. a4 a6 11. Qb3 e5 12. dxe5 dxe5 13. Bh2 e4 14. Ng5
h6 15. Nxf7 Rxf7 16. Bc4 Qe7 17. f3 exf3 18. Nxf3 Rf8 19. Rad1 Ne4 20. Nh4
Ng5 21. Nxg6 Qe4 22. Nf4 Nxh3+ 23. gxh3 Qh1+ 24. Kf2 Qxh2+ 25. Ke1 Ne5 26.
 Bxf7+ Rxf7 27. Rd2 Qg3+ 28. Kd1 Qxe3 29. Qe6 Bf3+ 30. Kc1 Qxf4 0-1

[Event "N1 Reykjavik Open 2014"]
[Site "Reykjavik, Iceland"]
[Date "2014.03.10"]
[Round "8.67"]
[White "Berg, Runar"]
[Black "Stefansson, Vignir Vatnar"]
[Result "1/2-1/2"]
[WhiteElo "2117"]
[BlackElo "1844"]
[EventDate "2014.03.04"]
[PlyCount "0"]

1. d4 Nf6 2. c4 e6 3. Nc3 Bb4 4. Qc2 O-O 5. e4 d5 6. e5 Ne4 7. Bd3 f5 8. 
exf6 Nxf6 9. Nf3 c5 10. Bg5 h6 11. Bh4 cxd4 12. Bh7+ Kh8 13. Ne5 dxc3 14. 
O-O Nc6 15. Ng6+ Kxh7 16. Nxf8+ Kg8 17. Nh7 Be7 18. Bxf6 Bxf6 19. Nxf6+ 
Qxf6 20. bxc3 Ne5 21. cxd5 exd5 22. Qb3 Nc4 23. Rad1 Qc6 24. Rd4 Be6 25. 
Qb1 Rf8 26. Qg6 Bf5 27. Qg3 Be4 28. Re1 Nd6 29. Rdd1 Bc2 30. Rc1 Ne4 31. 
Qe3 Rxf2 32. Rf1 Rxf1+ 33. Rxf1 Qc5 34. Qxc5 Nxc5 35. Kf2 Bd3 36. Re1 Kf7 
37. Ke3 Bc4 38. Kd4 Ne6+ 39. Ke5 Nc7 40. Rb1 b6 41. a4 Ke7 42. a5 b5 43. 
Rb2 Kd7 44. Rf2 Ke7 45. h4 Ne6 46. g3 Nc5 47. Rf3 Nb3 48. a6 Nc5 49. Kd4 
Nxa6 50. Re3+ Kd6 51. Re8 Nc7 52. Rd8+ Kc6 53. Ke5 Bd3 54. Rd6+ Kb7 55. 
Rd7 Kc6 56. Rd6+ Kb7 57. Rd7 d4 58. Kd6 dxc3 59. Rxc7+ Kb6 60. Rc6+ Ka5 
61. Rxc3 Bc4 62. Kc5 Ka4 63. Rc1 Kb3 64. Ra1 g5 65. hxg5 hxg5 66. Rxa7 g4 
67. Re7 Bd3 68. Kd4 Kc2 69. Re3 Bf1 70. Re1 Bd3 71. Rh1 Kd2 72. Rh8 Bc4 
73. Re8 Be2 74. Ra8 Bc4 75. Rh8 Bd3 76. Rh6 Bc4 77. Rg6 Be2 78. Rg7 Bf3 
79. Ra7 b4 80. Ra2+ Kc1 81. Rf2 Bd1 82. Kc4 b3 83. Kc3 Bc2 84. Rf1+ Bd1 
85. Rf2 Bc2 86. Rf1+ Bd1 87. Rf2 Bc2 1/2-1/2

[Event "N1 Reykjavik Open 2014"]
[Site "Reykjavik, Iceland"]
[Date "2014.03.10"]
[Round "8.68"]
[White "Vanheirzeele, Daniel"]
[Black "Sigurdarson, Emil"]
[Result "1/2-1/2"]
[WhiteElo "2116"]
[BlackElo "1867"]
[EventDate "2014.03.04"]
[PlyCount "0"]

1. d4 d5 2. c4 e6 3. Nf3 c5 4. cxd5 exd5 5. g3 Nc6 6. Bg2 Nf6 7. O-O Be7 
8. dxc5 Bxc5 9. Qc2 Be7 10. Rd1 O-O 11. Nc3 Re8 12. a3 Bg4 13. Be3 Bf8 14.
 Nxd5 h6 15. Nf4 Qa5 16. b4 Qa6 17. Qb3 b5 18. Nd4 Nxd4 19. Rxd4 Rac8 20. 
Nd5 Bxe2 21. Rf4 Bc4 22. Nxf6+ Qxf6 23. Rxf6 Bxb3 24. Ra6 Be7 25. Rxa7 Bf6
26. Rb1 Bc2 27. Rf1 Red8 28. h4 Bb2 29. Bc5 1/2-1/2

[Event "N1 Reykjavik Open 2014"]
[Site "Reykjavik, Iceland"]
[Date "2014.03.10"]
[Round "8.69"]
[White "Jorgensen, Line Jin"]
[Black "Hackner, Oskar A"]
[Result "1/2-1/2"]
[WhiteElo "1923"]
[BlackElo "2105"]
[EventDate "2014.03.04"]
[PlyCount "98"]

1. e4 e6 2. d4 d5 3. Nd2 Nf6 4. e5 Nfd7 5. Bd3 c5 6. c3 Nc6 7. Ngf3 g6 8. 
h4 Qb6 9. h5 g5 10. Nxg5 cxd4 11. Bxh7 Ncxe5 12. cxd4 Qxd4 13. Qe2 Nc5 14.
 Ndf3 Nxf3+ 15. Qxf3 f6 16. Bg6+ Ke7 17. O-O Bg7 18. Be3 Qb4 19. a3 Qb5 
20. b4 Nd7 21. Nf7 Rf8 22. h6 Rxf7 23. Bxf7 Ne5 24. Qg3 Bxh6 25. Bxh6 Nxf7
26. Bg7 e5 27. Qf3 Qc6 28. Rac1 Ng5 29. Qe2 Qb6 30. Rc5 Ne6 31. Rfc1 Bd7 
32. Bxf6+ Kxf6 33. Rxd5 Ke7 34. Rxe5 Rf8 35. Rd1 Rf6 36. Rd2 Qc7 37. Qh5 
Qc1+ 38. Rd1 Qc2 39. Qe2 Qxe2 40. Rxe2 Bc6 41. Re3 Kf7 42. f3 Nf4 43. Kf2 
Rg6 44. g4 Rf6 45. Rd2 a6 46. Kg3 Nd5 47. Red3 Ke6 48. f4 Kd6 49. f5 Rf8 
1/2-1/2

[Event "N1 Reykjavik Open 2014"]
[Site "Reykjavik, Iceland"]
[Date "2014.03.10"]
[Round "8.70"]
[White "Zhang, Fan"]
[Black "Leosson, Atli Johann"]
[Result "1-0"]
[WhiteElo "2104"]
[BlackElo "1759"]
[EventDate "2014.03.04"]
[PlyCount "57"]

1. d4 d5 2. c4 c6 3. Nf3 Nf6 4. Nc3 g6 5. Bf4 Bg7 6. e3 Nbd7 7. h3 dxc4 8.
 Bxc4 Nb6 9. Bd3 Nfd5 10. Be5 f6 11. Bg3 Be6 12. O-O Nxc3 13. bxc3 O-O 14.
 e4 Qd7 15. Qe2 Rac8 16. a4 Na8 17. a5 b5 18. axb6 axb6 19. Ra6 Bf7 20. 
Rfa1 b5 21. Ra7 Qd8 22. Rb7 Re8 23. Raa7 Bf8 24. Bb1 c5 25. d5 Bxd5 26. 
exd5 Qxd5 27. Rxb5 Qc6 28. Qc4+ Kh8 29. Be4 1-0

[Event "N1 Reykjavik Open 2014"]
[Site "Reykjavik, Iceland"]
[Date "2014.03.10"]
[Round "8.71"]
[White "Jonsson, Pall G"]
[Black "Bjarnason, Saevar"]
[Result "1-0"]
[WhiteElo "1802"]
[BlackElo "2101"]
[EventDate "2014.03.04"]
[PlyCount "97"]

1. b4 a5 2. b5 a4 3. Bb2 d5 4. e3 Nf6 5. c4 c6 6. a3 Bf5 7. d4 e6 8. Nc3 
Qa5 9. Bd3 Bxd3 10. Qxd3 cxb5 11. cxb5 Nbd7 12. Nf3 Bd6 13. O-O O-O 14. 
Nd2 Qc7 15. h3 Nb6 16. Rfc1 Qe7 17. e4 dxe4 18. Ncxe4 Nxe4 19. Nxe4 Nd5 
20. Rc4 Rfd8 21. Rac1 f5 22. Nc5 Nb6 23. R4c2 Bxc5 24. Rxc5 Rd7 25. Qg3 
Nd5 26. Rc8+ Rxc8 27. Rxc8+ Kf7 28. Qf3 Kg6 29. Qg3+ Qg5 30. Qe5 Qf6 31. 
Qg3+ Kf7 32. Rc5 f4 33. Qd3 Qg6 34. Qd1 Qf5 35. Qxa4 f3 36. Qc2 Qg5 37. g3
b6 38. Rc6 Nf4 39. Qe4 Nxh3+ 40. Kh2 Qh6 41. Qxf3+ Ke7 42. Kg2 Ng5 43. Qg4
Qg6 44. Rxb6 h6 45. Bc1 Qf6 46. Be3 Kf7 47. a4 Qe7 48. a5 Rb7 49. Bxg5 1-0

[Event "N1 Reykjavik Open 2014"]
[Site "Reykjavik, Iceland"]
[Date "2014.03.10"]
[Round "8.72"]
[White "Ferreira, Alex"]
[Black "Fehr, Axel"]
[Result "1/2-1/2"]
[WhiteElo "1933"]
[BlackElo "2101"]
[EventDate "2014.03.04"]
[PlyCount "124"]

1. e4 Nf6 2. Nc3 d6 3. d4 g6 4. f4 Bg7 5. Nf3 O-O 6. Be2 b6 7. O-O Bb7 8. 
e5 Ne8 9. Be3 c5 10. dxc5 bxc5 11. Bxc5 Qa5 12. b4 Qc7 13. Nb5 Qc6 14. 
exd6 exd6 15. Bd4 Nf6 16. Nc3 Nbd7 17. Qd2 Nb6 18. Bb5 Qc7 19. Rae1 a6 20.
 Bd3 Nc4 21. Qc1 Rac8 22. Qa1 Nh5 23. Nd1 Rfe8 24. Rxe8+ Rxe8 25. Bxg7 
Nxg7 26. Qd4 d5 27. g3 Ne6 28. Qf2 Nd6 29. f5 Ne4 30. Bxe4 dxe4 31. fxe6 
exf3 32. exf7+ Qxf7 33. Re1 Rf8 34. c3 Bd5 35. Ne3 Be6 36. a4 h5 37. b5 a5
38. b6 Qd7 39. Rb1 Qd3 40. Rc1 Bb3 41. c4 Bxa4 42. Nd5 Rf7 43. Nf4 Qa3 44.
 Rb1 Bc6 45. Rd1 Kh7 46. h4 Qc3 47. Ne6 Re7 48. Re1 Kg8 49. Qe3 Qf6 50. 
Qf4 Qxf4 51. gxf4 a4 52. Kf2 a3 53. f5 gxf5 54. Rg1+ Kh8 55. Nd4 Be4 56. 
Ra1 Rd7 57. Ke3 f2 58. c5 a2 59. c6 Bxc6 60. Nxc6 Rb7 61. Kxf2 Rxb6 62. 
Nd4 Rb4 1/2-1/2

[Event "N1 Reykjavik Open 2014"]
[Site "Reykjavik, Iceland"]
[Date "2014.03.10"]
[Round "8.73"]
[White "Thorarensen, Adalsteinn"]
[Black "Grove, Michael"]
[Result "0-1"]
[WhiteElo "1737"]
[BlackElo "2097"]
[EventDate "2014.03.04"]
[PlyCount "0"]

1. d4 Nf6 2. Nf3 c5 3. d5 d6 4. Nc3 e5 5. e4 Be7 6. Be2 Nbd7 7. h3 a6 8. 
a4 Nf8 9. Be3 Ng6 10. Qd2 Rb8 11. Qc1 h5 12. Bg5 h4 13. Ra3 b6 14. Bf1 Nh5
15. Bxe7 Qxe7 16. Qg5 Nf6 17. Qe3 Nh5 18. Qg5 Qxg5 19. Nxg5 Nhf4 20. g3 
Nh5 21. Ne2 Ke7 22. c4 Bd7 23. Bg2 b5 24. axb5 axb5 25. Ra7 Ra8 26. Rxa8 
Rxa8 27. Bf3 bxc4 28. Kd2 Nf6 29. Nc3 Ne8 30. Be2 Rb8 31. Kc1 Rb4 32. Nf3 
hxg3 33. fxg3 f5 34. Nd2 Nf6 35. h4 Nh8 36. Rf1 fxe4 37. Ncxe4 Nxd5 38. 
Nxc4 Nf7 39. Ned2 Nf6 40. Ne3 Nh6 41. Ndc4 Be6 42. Rd1 Nf7 43. Rf1 d5 44. 
Na5 Ra4 45. Nb3 Re4 46. Kd2 d4 47. Nf5+ Bxf5 48. Rxf5 Nd6 49. Rg5 Re3 50. 
Rxg7+ Kf8 51. Nxd4 exd4 52. Rg6 Nde4+ 53. Kd1 Kf7 54. h5 d3 0-1

[Event "N1 Reykjavik Open 2014"]
[Site "Reykjavik, Iceland"]
[Date "2014.03.10"]
[Round "8.74"]
[White "Thorhallsson, Simon"]
[Black "Wengler, Joerg"]
[Result "0-1"]
[WhiteElo "1636"]
[BlackElo "2080"]
[EventDate "2014.03.04"]
[PlyCount "92"]

1. d4 f5 2. Bg5 g6 3. Nc3 Bg7 4. h4 h6 5. Bf4 Nf6 6. Qd2 d6 7. O-O-O Nc6 
8. e3 e6 9. Be2 Qe7 10. Nh3 e5 11. dxe5 dxe5 12. Bg3 Be6 13. Bf3 Bf7 14. 
Kb1 O-O 15. Nd5 Nxd5 16. Bxd5 Rad8 17. Bxf7+ Qxf7 18. Qe2 Nb4 19. c4 Nc6 
20. f3 Qf6 21. Rxd8 Rxd8 22. Be1 Qd6 23. Nf2 Qe6 24. Bc3 e4 25. Bxg7 exf3 
26. gxf3 Kxg7 27. Rd1 Re8 28. e4 Re7 29. b3 Qf6 30. Qb2 Qxb2+ 31. Kxb2 
fxe4 32. Nxe4 Ne5 33. Nd2 Rf7 34. Rf1 Rf4 35. Rh1 Nxf3 36. Rf1 Ne5 37. Rh1
Rf2 38. Kc3 c5 39. Rh3 b6 40. Re3 Nc6 41. a3 Rf7 42. Nf3 Kf6 43. Rd3 Kf5 
44. Rd6 Rf6 45. Rd7 Kg4 46. Nd2 Kxh4 0-1

[Event "N1 Reykjavik Open 2014"]
[Site "Reykjavik, Iceland"]
[Date "2014.03.10"]
[Round "8.75"]
[White "Karlsson, Mikael Johann"]
[Black "Petersson, Baldur Teodor"]
[Result "1-0"]
[WhiteElo "2051"]
[BlackElo "1624"]
[EventDate "2014.03.04"]
[PlyCount "83"]

1. c4 c6 2. g3 d5 3. Nf3 Nf6 4. Bg2 Bg4 5. cxd5 Bxf3 6. Bxf3 cxd5 7. Qb3 
Qd7 8. Nc3 e6 9. d4 Nc6 10. e3 Bd6 11. O-O O-O 12. Rd1 Rfd8 13. e4 dxe4 
14. Nxe4 Nxe4 15. Bxe4 Bc5 16. Bg5 Be7 17. Be3 Rac8 18. d5 Na5 19. dxe6 
Qxe6 20. Qxe6 fxe6 21. Bxa7 Nc4 22. b3 Nd6 23. Bd3 Ra8 24. Bb6 Rdc8 25. a4
Rc6 26. Bd4 Nf5 27. Bb2 Rac8 28. Bc4 Kf7 29. Re1 Bf6 30. Bxf6 Kxf6 31. 
Rad1 e5 32. Rd7 Nd4 33. Kg2 R8c7 34. Rd5 Re7 35. f4 Nc2 36. Re2 Nb4 37. 
Rdxe5 Rxe5 38. Rxe5 Nc2 39. Kf3 Nd4+ 40. Ke4 Ne2 41. Rf5+ Ke7 42. Bxe2 1-0

[Event "N1 Reykjavik Open 2014"]
[Site "Reykjavik, Iceland"]
[Date "2014.03.10"]
[Round "8.76"]
[White "Klundt, Klaus"]
[Black "Mehringer, Joerg"]
[Result "1-0"]
[WhiteElo "2341"]
[BlackElo "1927"]
[EventDate "2014.03.04"]
[PlyCount "0"]

1. e4 e5 2. Nf3 Nc6 3. Bb5 f5 4. Nc3 fxe4 5. Nxe4 d5 6. Nxe5 dxe4 7. Nxc6 
Qg5 8. Qe2 Nf6 9. Ne5+ c6 10. f4 Qxf4 11. d4 Qh4+ 12. g3 Qh3 13. Bc4 Bd6 
14. Bg5 Bxe5 15. dxe5 Bg4 16. Qe3 Nd5 17. Qxe4 O-O 18. Rf1 Rxf1+ 19. Bxf1 
Qh5 20. h4 h6 21. Bf4 Nxf4 22. Qxf4 Re8 23. Kd2 Qxe5 24. Bc4+ Kh8 25. Qxe5
Rxe5 26. Rf1 Re8 27. Rf7 b5 28. Bd3 a5 29. Ra7 a4 30. a3 Kg8 31. Bg6 Rd8+ 
32. Ke3 Be6 33. Kf4 Kf8 34. Ke5 Bg8 35. Rc7 Bd5 36. Bf5 Re8+ 37. Kd6 Re2 
38. h5 Be4 39. Be6 Rd2+ 40. Ke5 Bxc2 41. Rxc6 Re2+ 42. Kd6 Rd2+ 43. Bd5 g5
44. Kc5 Kg7 45. Rc7+ Kf8 46. Rf7+ Ke8 47. Rf6 Bd1 48. Rxh6 Rxb2 49. Rh8+ 
Ke7 50. Rh7+ Ke8 51. Kd6 Rf2 52. h6 Rf6+ 53. Be6 Bb3 54. Rh8+ Rf8 55. Bd7+
Kf7 56. Rxf8+ Kxf8 57. Bxb5 Kf7 58. Bd3 Kf6 59. Kc5 Be6 60. Kb4 Bd7 61. 
Bc2 Bc6 62. Bxa4 Be4 63. Kc3 g4 64. Bc2 1-0

[Event "N1 Reykjavik Open 2014"]
[Site "Reykjavik, Iceland"]
[Date "2014.03.10"]
[Round "8.77"]
[White "Meier, Gerd"]
[Black "Marentini, Marcel"]
[Result "0-1"]
[WhiteElo "1901"]
[BlackElo "2155"]
[EventDate "2014.03.04"]
[PlyCount "0"]

1. e4 d6 2. d4 Nf6 3. Nc3 e5 4. dxe5 dxe5 5. Qxd8+ Kxd8 6. Bc4 Ke8 7. f3 
c6 8. a4 Nbd7 9. Be3 Bc5 10. Bxc5 Nxc5 11. b4 Ne6 12. Nge2 Ke7 13. Nd1 Ne8
14. Ne3 Nd6 15. Bb3 g6 16. Nc4 Nxc4 17. Bxc4 a5 18. c3 Rd8 19. g3 f5 20. 
exf5 gxf5 21. Rf1 axb4 22. cxb4 Nd4 23. Nxd4 Rxd4 24. Bb3 Rxb4 25. Bc2 Ra5
26. Kd2 Rd4+ 27. Ke3 Rc4 28. Kd2 h5 29. Rfe1 Kf6 30. h4 Rd5+ 31. Kc1 Rdc5 
32. Re2 f4 33. gxf4 Rxf4 0-1

[Event "N1 Reykjavik Open 2014"]
[Site "Reykjavik, Iceland"]
[Date "2014.03.10"]
[Round "8.78"]
[White "Jonsson, Olafur Gisli"]
[Black "Bjornsson, Sverrir Orn"]
[Result "0-1"]
[WhiteElo "1890"]
[BlackElo "2126"]
[EventDate "2014.03.04"]
[PlyCount "58"]

1. d4 Nf6 2. c4 e6 3. Nc3 Bb4 4. e3 b6 5. Nf3 Bb7 6. Bd3 Ne4 7. Qc2 f5 8. 
O-O Bxc3 9. bxc3 O-O 10. Nd2 Qh4 11. f3 Nxd2 12. Bxd2 Nc6 13. Be1 Qh5 14. 
Bg3 d6 15. c5 e5 16. Bb5 f4 17. exf4 exf4 18. Bf2 Rf6 19. Rae1 Raf8 20. 
Qe4 Na5 21. c6 Bc8 22. Bd3 Re6 23. Qxe6+ Bxe6 24. Rxe6 Qd5 25. Rfe1 Qxc6 
26. h4 Qxc3 27. Bf1 Nc4 28. Re7 Ne3 29. Bxe3 Qxe1 0-1

[Event "N1 Reykjavik Open 2014"]
[Site "Reykjavik, Iceland"]
[Date "2014.03.10"]
[Round "8.79"]
[White "Restuccia, Francisco"]
[Black "Finnbogadottir, Tinna Kristin"]
[Result "1/2-1/2"]
[WhiteElo "2093"]
[BlackElo "1921"]
[EventDate "2014.03.04"]
[PlyCount "116"]

1. e4 d5 2. exd5 Nf6 3. d4 Nxd5 4. h3 Bf5 5. Nf3 e6 6. Be2 Bd6 7. O-O O-O 
8. c4 Nf4 9. Bxf4 Bxf4 10. Bd3 Qf6 11. Bxf5 Qxf5 12. Nc3 Nc6 13. Qb3 b6 
14. Rad1 Rad8 15. Qa4 Ne7 16. Qxa7 Ra8 17. Qb7 Rfb8 18. Qe4 Qxe4 19. Nxe4 
Rxa2 20. g3 Bh6 21. Rb1 Ra4 22. b3 Ra2 23. b4 Rba8 24. Rb3 f6 25. b5 R8a4 
26. c5 Nd5 27. Rfb1 Re2 28. cxb6 cxb6 29. Nc3 Nxc3 30. Rxc3 Raa2 31. Rc8+ 
Kf7 32. Rc7+ Kg6 33. Rf1 Rab2 34. Nh4+ Kh5 35. Kg2 Rxb5 36. Kf3 Rd2 37. 
Ng2 Rb3+ 38. Ne3 Bxe3 39. fxe3 Kg6 40. Re7 Rxd4 41. Rxe6 Rd5 42. g4 Kf7 
43. Rc6 Re5 44. Re1 b5 45. Rb6 h5 46. Rb7+ Kg6 47. gxh5+ Rxh5 48. Rg1+ Kf5
49. Rg3 g5 50. Ke2 Rh4 51. Rf3+ Ke5 52. Re7+ Kd6 53. Rf7 Ra4 54. R3xf6+ 
Ke5 55. Rg6 Ke4 56. Re6+ Kd5 57. Rg6 Ke4 58. Re6+ Kd5 1/2-1/2

[Event "N1 Reykjavik Open 2014"]
[Site "Reykjavik, Iceland"]
[Date "2014.03.10"]
[Round "8.80"]
[White "Gardarsson, Halldor"]
[Black "Abrahams, Daniel"]
[Result "0-1"]
[WhiteElo "1895"]
[BlackElo "2055"]
[EventDate "2014.03.04"]
[PlyCount "0"]

1. e4 d6 2. d4 Nf6 3. Bd3 e5 4. c3 Nc6 5. d5 Ne7 6. Bg5 Ng6 7. Ne2 Be7 8. 
Bxf6 Bxf6 9. Bb5+ Kf8 10. O-O h5 11. Nd2 h4 12. h3 Bg5 13. Nf3 Bf4 14. Kh1
Rh6 15. Bd3 Bd7 16. Re1 Qc8 17. Neg1 Ne7 18. Bf1 g5 19. Nh2 Bxh2 20. Kxh2 
g4 21. hxg4 Bxg4 22. f3 Bd7 23. Nh3 Bxh3 24. gxh3 Ng6 25. Bg2 Nf4 26. Qd2 
Rg6 27. Rg1 Rg3 0-1

[Event "N1 Reykjavik Open 2014"]
[Site "Reykjavik, Iceland"]
[Date "2014.03.10"]
[Round "8.81"]
[White "Eliasson, Kristjan Orn"]
[Black "Knutsson, Larus"]
[Result "0-1"]
[WhiteElo "1875"]
[BlackElo "2044"]
[EventDate "2014.03.04"]
[PlyCount "72"]

1. e4 e5 2. Nf3 Nc6 3. Nc3 Nf6 4. d4 Bb4 5. d5 Nxe4 6. dxc6 Nxc3 7. bxc3 
Bxc3+ 8. Bd2 Bxa1 9. Qxa1 d6 10. Bb5 O-O 11. O-O h6 12. h3 b6 13. Re1 a6 
14. Bd3 Be6 15. c4 f5 16. Qc1 Rf6 17. Nh2 Qe8 18. g4 e4 19. Bf1 Qxc6 20. 
gxf5 Bxf5 21. Ng4 Rg6 22. Kh2 Bxg4 23. hxg4 Rxg4 24. Bh3 Rh4 25. Rg1 Qd7 
26. Rg3 Rf8 27. Kg2 Qf7 28. Be3 Kh7 29. Qc2 g6 30. Kg1 b5 31. cxb5 axb5 
32. Bg2 Qc4 33. Qb1 Qd5 34. Qc1 c5 35. Bf1 b4 36. Bc4 Qh5 0-1